LEADER 00965nam a2200253 4500 001 000000361749 003 CaOOAMICUS 005 20250221081820.0 008 250219s1993 it 000 u ita r 020 $a88-13-18046-2 040 $aSeMil$bita 100 1 $aOpocher, Enrico,$d<1914-2004>.$0(OLS)http://semarc/name/34715 245 10$aLezioni di filosofia del diritto /$cEnrico Opocher. 250 $a2. ed. 264 1$aPadova :$bCEDAM,$c1993. 300 $aVI, 318 p. ;$c24 cm 650 4$aFilosofia del diritto.$0(OLS)http://semarc/subject/2001 850 $aSeMil 852 $aSeMil$W1$xVenegono$y1$m2G VI 15$j254628$B252694$CSeMilBibl$Z2$F252694 $81 961 $aBuzzi mons. Franco - Omaggio 996 $6020$a88-13-18046-2$9(OLS)http://semarc/number/302499 996 $6245$aLezioni di filosofia del diritto$9(OLS)http://semarc/title/92707 996 $6264$aPadova :$bCEDAM$9(OLS)http://semarc/publisher/30274 LEADER 01238nam a2200277 i 4500 001 000000107522 003 CaOOAMICUS 005 20040730000000.0 008 040730s1998 it u000 u ita u 013 $a79784 020 $a88-7023-249-2 040 $aSeMil$bita 100 1 $aBrivio, Ernesto.$0(OLS)http://semarc/name/7605 245 13$aLe vetrate del Duomo di Milano :$bun itinerario di fede e di luce /$cErnesto Brivio. 260 $a[Milano] :$bVeneranda Fabbrica del Duomo di Milano,$ccopyr. 1998. 260 $aMilano :$bNED,$ccopyr. 1998. 300 $a115 p. :$briccamente ill. ;$c24 cm. 500 $aContiene : Bibliografia essenziale. 650 4$aMilano - Duomo - Vetrate.$0(OLS)http://semarc/subject/18885 850 $aSeMil 852 $aSeMil$W1$xVenegono$y1$m5M XVI 14$j63618$B63618$CSeMilBibl$Z2$F85247 $81 961 $aOmaggio: Giudici Ecc. Giovanni 996 $6020$a88-7023-249-2$9(OLS)http://semarc/number/88578 996 $6245$aLe vetrate del Duomo di Milano :$bun itinerario di fede e di luce$9(OLS)http://semarc/title/156111 996 $6260$aMilano :$bNED$9(OLS)http://semarc/publisher/30187 996 $6260$a[Milano] :$bVeneranda Fabbrica del Duomo di Milano$9(OLS)http://semarc/publisher/36099